Countries with the most Ballon d'Ors - Statistics

General Stats
  • This quiz has been taken 55 times
  • The average score is 9 of 10
Answer Stats
Wins Answer % Correct
8 Argentina
98%
7 France
98%
5 England
96%
7 Germany
96%
7 Portugal
96%
4 Spain
94%
5 Brazil
90%
5 Italy
90%
7 Netherlands
84%
3 Soviet Union
63%
No matching quizzes found
Score Distribution
Percent of People with Each Score
Percentile by Number Answered
Your Score History
You have not taken this quiz